Hỏi và đáp lịch sử Đảng cộng sản Việt Nam Dùng cho học viên cao học, nghiên cứu sinh và sinh viên các trường đại học, cao đẳng

Guardat en:
Dades bibliogràfiques
Autor principal: Nguyễn, Thị Thanh
Altres autors: Phạm, Đức Kiên
Format: Llibre
Publicat: Hà Nội Chính trị hành chính 2013
Edició:Tái bản lần thứ 4
Col·lecció:Tủ sách học tập, nghiên cứu Chủ nghĩa Mác - Lênin, tư tưởng Hồ Chí Minh
Matèries:
Etiquetes: Afegir etiqueta
Sense etiquetes, Sigues el primer a etiquetar aquest registre!
Thư viện lưu trữ: Trung tâm Học liệu Lê Vũ Hùng, Trường Đại học Đồng Tháp
LEADER 01137pam a22002778a 4500
001 00046044
005 20201130161152.0
008 161111s2013 ||||||Viesd
020 # # |c 35000 
041 0 # |a Vie 
082 1 4 |a 324.259 707  |b H428V 
100 1 # |a Nguyễn, Thị Thanh 
245 1 0 |a Hỏi và đáp lịch sử Đảng cộng sản Việt Nam  |c Nguyễn Thị Thanh, Phạm Đức Kiên  |b Dùng cho học viên cao học, nghiên cứu sinh và sinh viên các trường đại học, cao đẳng 
250 # # |a Tái bản lần thứ 4 
260 # # |c 2013  |a Hà Nội  |b Chính trị hành chính 
300 # # |a 186 tr.  |c 21 cm 
490 # # |a Tủ sách học tập, nghiên cứu Chủ nghĩa Mác - Lênin, tư tưởng Hồ Chí Minh 
653 # # |a Hỏi Đáp 
653 # # |a Lịch sử 
653 # # |a Sự kiện 
653 # # |a Việt Nam 
653 # # |a Đảng Cộng Sản 
700 1 # |a Phạm, Đức Kiên 
852 # # |j KM.0034714  |j KD.0027587 
910 # # |d 30/11/2020 
980 # # |a Trung tâm Học liệu Lê Vũ Hùng, Trường Đại học Đồng Tháp